000 00698nam a2200289Ia 4500
005 20260324121133.0
008 008 260324s9999 xx 000 0 eng d
020 _a9781315887388
037 _aEBOOK
040 _aCRL
040 _beng
040 _cCRL
041 _2eng
041 _aeng
084 _qCRL
100 _aJerzy Kociatkiewicz; Monika Kostera
_91161330
245 0 _aLiquid Organization
245 0 _bZygmunt Bauman and Organization Theory
260 _bTaylor and Francis
260 _c2014
365 _a
365 _b265
856 _uhttp://www.taylorfrancis.com/books/9781315887388
942 _cEBOOK
999 _c1753246
_d1753246